Devine le joueur de foot #12 - Statistiques

Statistiques générales
  • Ce quiz a été pris 144 fois
  • Le résultat moyen est 15 sur 20
Statistiques - réponses
Par images Réponse % Correct
Vinícius José Paixão de Oliveira Júnior
99%
Bernardo Silva
93%
Dimitri Payet
92%
Adil Rami
91%
Alexandre Lacazette
90%
Daniel Alves da Silva
89%
Rodrygo Silva de Goes
86%
Thomas Meunier
85%
Luis Díaz
81%
Guillermo Ochoa
80%
Nicolas Anelka
80%
Álex Grimaldo
74%
André Ayew
71%
Emre Can
65%
Marco Van Basten
63%
Kaoru Mitoma
58%
Shinji Kagawa
58%
Sylvain Wiltord
53%
Jay-Jay Okocha
49%
Theo Walcott
47%
Aucun quiz correspondant
Distribution des résultats
% des personnes avec chaque résultat
Percentile par nombre de réponses
Votre historique - résultats
Vous n’avez pas pris ce quiz